MARC

Tag First Indicator Second Indicator Subfields
LEADER 00000cam a2200000zi 4500
001 in00003615921
006 m o d
007 cr |||||||||||
008 160203t20152015sa ab ob 001 0 eng d
005 20250816205750.4
020 |a 9781920596170  |q electronic book 
020 |a 1920596178  |q electronic book 
020 |z 9781920596118 
020 |z 1920596119 
024 8 |a 40025731551 
035 |a (NhCcYBP)ebl4335200 
040 |a NhCcYBP  |c NhCcYBP  |d UtOrBLW 
043 |a f-sa--- 
050 4 |a JV8825.2  |b .M43 2015 
082 0 4 |a 325.68  |2 23 
245 0 0 |a Mean streets :  |b migration, xenophobia and informality in South Africa /  |c edited by Jonathan Crush, Abel Chikanda and Caroline Skinner. 
264 1 |a [Cape Town] :  |b Southern African Migration Programme (SAMP) :  |b African Centre for Cities :  |b International Development Research Centre,  |c 2015. 
264 4 |c ©2015 
300 |a 1 online resource. 
336 |a text  |b txt  |2 rdacontent 
337 |a computer  |b c  |2 rdamedia 
338 |a online resource  |b cr  |2 rdacarrier 
504 |a Includes bibliographical references and index. 
588 |a Description based on online resource; title from digital title page (viewed on February 03, 2016). 
500 |a Electronic resource. 
650 0 |a Immigrants  |z South Africa  |x Economic conditions. 
650 0 |a Xenophobia  |z South Africa. 
650 0 |a Street vendors  |z South Africa. 
650 0 |a Peddlers  |z South Africa. 
650 0 |a Informal sector (Economics)  |z South Africa. 
650 0 |a Entrepreneurship  |z South Africa. 
655 7 |a Electronic books.  |2 local 
700 1 |a Crush, Jonathan,  |d 1953-  |0 http://id.loc.gov/authorities/names/n79049481 
700 1 |a Chikanda, Abel.  |0 http://id.loc.gov/authorities/names/nr2006021921 
700 1 |a Skinner, Caroline.  |0 http://id.loc.gov/authorities/names/n2001099763 
710 2 |a Ebook Library.  |0 http://id.loc.gov/authorities/names/no2011007422 
776 1 8 |i Print version:  |t Mean streets  |z 9781920596118 
856 4 0 |u https://ebookcentral.proquest.com/lib/tamucs/detail.action?docID=4335200  |y Connect to the full text of this electronic book  |t 0 
955 |a YBP purchased approval e-records 
980 |b 94.50  |g 1 
987 |a ybp12815882 
999 f f |s 9acee64e-f7fd-3e2d-b107-d89ac79669cb  |i 97a9d764-1b7f-3bc1-9816-40bc0965b37a  |t 0 
952 f f |a Texas A&M University  |b College Station  |c Electronic Resources  |d Available Online  |t 0  |e JV8825.2 .M43 2015  |h Library of Congress classification 
998 f f |a JV8825.2 .M43 2015  |t 0  |l Available Online